| 000 | 01720nam a2200361 a 4500 | ||
|---|---|---|---|
| 001 | 991015728449706706 | ||
| 003 | ES-BaIT | ||
| 005 | 20260206080028.0 | ||
| 008 | 920622s1977 xxko || 001 ||eng|c | ||
| 020 | _a0006861350 | ||
| 035 | _a(ES-BaCBU).b13881176 | ||
| 035 | _a(OCoLC)802641024 | ||
| 040 |
_aES-BaCBU _bcat _cES-BaCBU |
||
| 041 | 1 |
_aeng _hfre |
|
| 080 | _a82.09 | ||
| 100 | 1 |
_aBarthes, Roland _96959 |
|
| 245 | 1 | 0 |
_aImage, music, text / _cRoland Barthes ; essays selected and translated by Stephen Heath |
| 260 |
_aLondon : _bFontana, _c1977 |
||
| 300 |
_a220 p., [8] p. de làm. : _bfot. |
||
| 504 | _aÍndex | ||
| 505 | 8 | _aConté: Translator's Note -- Sources -- The Photographic Message -- Rhetoric of the Image -- The Third Meaning -- Research notes on some Eisenstein stills Diderot, Brecht, Eisenstein -- Introduction to the Structural Analysis of Narratives -- The Struggle with the Angel -- Textual analysis of Genesis 32: 22-32 -- The Death of the Author -- Musica Practica -- From Work to Text -- Change the Object Itself -- Mythology today Lesson in Writing -- The Grain of the Voice -- Writers, Intellectuals, Teachers -- Index | |
| 533 | _aTambé disponible la versió en línia | ||
| 650 | 0 | 7 |
_aTeatre _957815 |
| 650 | 0 | 7 |
_aLiteratura _xFilosofia _2lemac _957151 |
| 650 | 0 |
_aLiteratura moderna _xHistòria i crítica _972223 |
|
| 650 | 0 | 7 |
_aSemiòtica i literatura _957721 |
| 700 | 1 |
_aHeath, Stephen _924901 |
|
| 856 | 4 | 1 |
_zAccés lliure _uhttps://monoskop.org/images/0/0a/Barthes_Roland_Image-Music-Text.pdf |
| 907 |
_a.b13881176 _b18-03-20 _c07-05-08 _d22-06-92 _em _fa _g- _heng _ixxk _j0 _k3 |
||
| 908 |
_aUAB _aUPF _aFILMO _aCDMAE |
||
| 940 |
_aUPF _dCVA2 |
||
| 942 |
_2udc _cDIGITAL |
||
| 999 |
_c137022 _d137022 |
||